| 000 | 00700nam a2200205Ii 4500 | ||
|---|---|---|---|
| 003 | JO-AjNU | ||
| 008 | 230605s9999||||xx |||||||||||||| ||und|| | ||
| 040 |
_aJO-AjNU _bara _erda _cJO-AjNU |
||
| 041 | _aara | ||
| 050 | 1 | 4 | _aQA276.12 2018 |
| 100 | 3 |
_aصبري، عزام عبد الرحمن, _eauthor _958121 |
|
| 245 | 0 | 0 | _aالاحصاء التطبيقي بنظام SPSS |
| 250 | _aط1 | ||
| 264 | 3 | 1 | _aعمان: دار المنهجيه، 2018 |
| 300 |
_a313ص _bيحتوي عل جداول توضيحية |
||
| 336 |
_atext _btxt _2rdacontent |
||
| 337 |
_aunmediated _bn _2rdamedia |
||
| 338 |
_avolume _bnc _2rdacarrier |
||
| 650 | 4 |
_aالاحصاء - الاحصاء التطبيقي _958122 |
|
| 999 |
_aA26084 _c29652 _d29652 |
||